000 00632 a2200181 4500
999 _c183293
_d183293
005 20211222123602.0
010 _aENG-130488
020 _a978-93-89691-80-1
_c315.00
035 _aEN-114020
037 _bDBAD/PUB
082 _a621.3
_b1
100 _aSalivahanan ,S
245 _aBasic Electrical and Electronics Engineering:
_cS Salivahanan, R Rengaraj, G R Venkatakrishnan
260 _aChennai
_bMcGraw Hill Education Private Limited
_c2020
270 _a441/1,Sri Ekambara Naicker Industrial Estate, Alapakkam Porur
_bChennai
_e600116
300 _a346p.
_c24cm (pbk)
942 _adpl
_cEN
_2ddc
_h621.3
_mSAL